Secrets of good design for artists, artisans, & crafters / (Record no. 118181)
[ view plain ]
| 000 -LEADER | |
|---|---|
| fixed length control field | 00491nam a2200169Ia 4500 |
| 008 - FIXED-LENGTH DATA ELEMENTS--GENERAL INFORMATION | |
| fixed length control field | 140609s9999 xx 000 0 und d |
| 020 ## - INTERNATIONAL STANDARD BOOK NUMBER | |
| International Standard Book Number | 9780486480411 |
| 050 ## - LIBRARY OF CONGRESS CALL NUMBER | |
| Classification number | NK 1510 |
| Item number | .Os8 2011 |
| 100 ## - MAIN ENTRY--PERSONAL NAME | |
| Personal name | Osburn, Burl N. |
| 245 ## - TITLE STATEMENT | |
| Title | Secrets of good design for artists, artisans, & crafters / |
| Statement of responsibility, etc | Burl N. Osburn |
| 250 ## - EDITION STATEMENT | |
| Edition statement | Dover ed. |
| 260 ## - PUBLICATION, DISTRIBUTION, ETC. (IMPRINT) | |
| Place of publication, distribution, etc | Mineola, N.Y. : |
| Name of publisher, distributor, etc | Dover Publications, |
| Date of publication, distribution, etc | c2011. |
| 300 ## - PHYSICAL DESCRIPTION | |
| Extent | 94 p. : |
| Other physical details | ill. ; |
| Dimensions | 31 cm. |
| 521 ## - TARGET AUDIENCE NOTE | |
| Target audience note | |
| 942 ## - ADDED ENTRY ELEMENTS (KOHA) | |
| Call number prefix | Foreign |
| Koha item type | Books |
| Withdrawn status | Lost status | Source of classification or shelving scheme | Damaged status | Home library | Current library | Shelving location | Date acquired | Source of acquisition | Cost, normal purchase price | Total Checkouts | Total Renewals | Full call number | Barcode | Date last seen | Date checked out | Price effective from | Koha item type |
|---|---|---|---|---|---|---|---|---|---|---|---|---|---|---|---|---|---|
| Library of Congress Classification | College Library | College Library | General Circulation Section | 06/09/2014 | Donation | 655.71 | 2 | 21 | NK 1510 .Os8 2011 | C18469 | 05/15/2018 | 11/09/2015 | 06/09/2014 | Books |